| 000 | 00717nam a22002177a 4500 | ||
|---|---|---|---|
| 999 |
_c21572 _d21572 |
||
| 003 | AR-CdUCM | ||
| 008 | 190312b ||||| |||| 00| 0 spa d | ||
| 020 | _a9788420565897 | ||
| 040 |
_aMUNICIPALIDAD PROVINCIAL DEL CUSCO _cBIBLIOTECA MUNICIPAL DEL CUSCO |
||
| 082 |
_a158.1/A92 _bA92 |
||
| 100 |
_aÁvila, Santiago _945392 |
||
| 245 |
_aDesde la felicidad hacia el compromiso : _bcomprometerse con la vida en mayúsculas / _cSantiago Ávila |
||
| 260 |
_aMadrid : _bPearson, _c2017. |
||
| 300 |
_a215 páginas. : _c24 cm. |
||
| 650 |
_aFelicidad _92982 |
||
| 650 |
_aCompromiso _945393 |
||
| 650 |
_aDisciplina individual _945394 |
||
| 650 |
_aCompromiso colectivo _945395 |
||
| 942 |
_2ddc _cLIBROS |
||
| 945 | _aRoel | ||